00376pab a2200145 454500008004000000100001500040245007500055260000900130300001300139362001100152650002500163650001000188700001900198773001300217180718b2001 xxu||||| |||| 00| 0 eng d aShaw, Mark aStealing the show? crime and its impact in post-apartheid South Africa c2001 ap.235-58 aWinter aCrime - South Africa aCrime aGastrow, Peter aDaedalus